01159njm a2200265Ia 4500001000600000003000900006005001700015008004100032040001300073040001300086041001300099100001100112100001800123100003800141245004000179250001100219260001100230260007000241300001700311300003000328500009800358505029700456650005700753700008300810H8872IT-RoPAU20220918181142.0131025s9999 xx 000 0 und d aIT-RoPAU cIT-RoPAU aITALIANO aAA.VV. eAutore musica gCodice autore musica SPICS: 12000 aXaipe rallegrati. Messa dei giovani a1a ed. aMILANO bMULTIMEDIA SAN PAOLOc2008 [1a Ed.:2008 - Ed. Lingua Orig.: 2008] aCOMPACT DISC c47 minuti (Testo: 0 pag.) aMusica religiosa, liturgica. Compagnia Aquero con la partecipazione di Gen Verde e Gen Rosso. aUna goccia nel mare - Kyrie - Gloria - Alleluia - Non un solo istante - Sanctus - Mysterium fidei - Amen osanna - Agnus Dei - Nel tuo amore siamo un popolo - Il mio spirito in festa - Ave Maria di Lourdes - Dell'aurora tu sorgi più bella - Mira il tuo popolo - Rimani con me - Salve regina. aRELIGIOSO [COMPACT DISC]eCodice MATERIA SPICS: 9949 aCasucci ChiaraeAutore testo e musicagCodice autore testo/musica SPICS: 59522